| 000 | 00332 a2200133 4500 | ||
|---|---|---|---|
| 001 | 33053 | ||
| 082 | _a620.11296 GAS | ||
| 090 |
_c22183 _d22183 |
||
| 100 | _aGaskell,D.R | ||
| 245 | _aIntroduction to thermodynamics of Materials, 4/e | ||
| 250 | _a4 | ||
| 260 |
_aNY _bTaylor & Francis Group _c2003 |
||
| 300 | _axiii, 618 p. | ||
| 942 |
_aNUST-CAE _k620.11296 GAS |
||
| 999 |
_c268126 _d268126 |
||